18 программ тренингов: руководство для профессионалов

Bibliografiske detaljer
Andre forfattere: Чикер В. А. Вера Александровна (редактор)
Summary:В книге представлены 18 программ тренингов разной проблематики и для разной аудитории; изложена авторская концепция каждого из тренингов и общая структура их построения. Книга предназначена для профессионалов, которые уже ведут тренинги, но тем не менее испытывают потребность в обращении к опыту своих коллег и новом осмыслении уже известного в области тренинга, а также в поиске идей по построению собственных модифицированных авторских программ. Поэтому все программы тренингов носят концептуальный авторский характер.
Sprog:russisk
Udgivet: СПб., Речь, 2008
Serier:Психологический тренинг
Fag:
Format: MixedMaterials Bog
KOHA link:https://koha.lib.tpu.ru/cgi-bin/koha/opac-detail.pl?biblionumber=153094

MARC

LEADER 00000nam0a2200000 4500
001 153094
005 20231101221653.0
010 |a 5926805686  |b (в пер.)  |b 3000 экз. 
021 |a RU  |b 08-22874  |9 08-1209 
035 |a (RuTPU)RU\TPU\book\166092 
090 |a 153094 
100 |a 20070511d2008 km y0rusy5002 ca 
101 0 |a rus 
102 |a RU 
105 |a y j 000zy 
200 1 |a 18 программ тренингов  |e руководство для профессионалов  |f под ред. В. А. Чикер 
210 |a СПб.  |c Речь  |d 2008 
215 |a 368 с.  |d 22 см. 
225 1 |a Психологический тренинг 
318 |5 63413507  |a Навыки XXI века  |b выставка 
330 |a В книге представлены 18 программ тренингов разной проблематики и для разной аудитории; изложена авторская концепция каждого из тренингов и общая структура их построения. Книга предназначена для профессионалов, которые уже ведут тренинги, но тем не менее испытывают потребность в обращении к опыту своих коллег и новом осмыслении уже известного в области тренинга, а также в поиске идей по построению собственных модифицированных авторских программ. Поэтому все программы тренингов носят концептуальный авторский характер. 
606 1 |a Деловое общение  |x Психология  |2 stltpush  |3 (RuTPU)RU\TPU\subj\38805  |9 59088 
610 1 |a социальная психология 
610 1 |a личность 
610 1 |a общение 
610 1 |a психологические тренинги 
610 1 |a руководители 
610 1 |a конфликты 
610 1 |a организационное развитие 
610 1 |a командообразование 
610 1 |a самопрезентация 
610 1 |a межкультурные коммуникации 
610 1 |a взаимопонимание 
610 1 |a толерантность 
610 1 |a дети 
610 1 |a родители 
610 1 |a адаптационные тренинги 
610 1 |a студенты 
610 1 |a школьники 
610 1 |a учебные пособия 
686 |a Ю953я73  |v LBC/SL-A  |2 rubbk 
702 1 |a Чикер  |b В. А.  |g Вера Александровна  |4 340 
801 1 |a RU  |b 63413507  |c 20090209  |g PSBO 
801 2 |a RU  |b 63413507  |c 20120505  |g PSBO 
900 |a Тренинг психологической устойчивости 
942 |c BK 
959 |a 18/20090203  |d 1  |e 260,00  |f ЧЗГЛ:1